Statistics for Super Bowl LIV Offensive Lineup

Click here to take the quiz!

General Stats

  • This quiz has been taken 12 times
  • The average score is 12 of 22

Answer Stats

Team Position Player % Correct
SFQBJimmy Garoppolo
100%
KCTETravis Kelce
100%
KCQBPatrick Mahomes
100%
SFWRDeebo Samuel
91%
SFRBRaheem Mostert
91%
SFTEGeorge Kittle
91%
KCWRTyreek Hill
91%
KCWRSammy Watkins
82%
SFWREmmanuel Sanders
82%
KCRBDamien Williams
82%
SFFBKyle Juszczyk
64%
KCFBAnthony Sherman
45%
SFTJoe Staley
45%
SFTMike McGlinchey
36%
KCTEric Fisher
36%
SFGLaken Tomlinson
18%
KCTMitchell Schwartz
18%
KCGLaurent Duvernay-Tardif
18%
SFGMike Person
9%
SFCWeston Richburg
9%
KCCAustin Reiter
9%
KCGAndrew Wylie
0%

Score Distribution

Percentile by Number Answered

Percent of People with Each Score

Your Score History

You have not taken this quiz